00454 2200193 4500001002100000005001500021035002000036007000300056008004100059020001800100082001000118100001100128245001900139250000600158260003200164300003100196084001600227990001700243INLIS00000000000004320230223094901 a0010-0223000010ta230223 b 0 ind  a979-8399-00-5 a959.80 aRudini1 aSulawesi Utara a- aJakarta :bIntermasa,c1992 a384 :bilus. ;c23,5 cme- a959.8 RUD s a00001/R/1995